Londoner U-Bahn Linien bei King's Cross St. Pancras - Statistiken

Allgemein
  • Dieses Quiz wurde 92 mal gespielt
    87 seit der letzten Aktualisierung
  • Das Durchschnittsergebnis liegt bei 4 aus 6
Antwortstatistiken
Antwort % Korrekt
Circle Line
82%
Victoria Line
77%
Northern Line
72%
Piccadilly Line
72%
Hammersmith & City Line
60%
Metropolitan Line
54%
Keine übereinstimmenden Quizze gefunden
Verteilung der Resultate
Anzahl Personen mit jedem Resultat
Perzentil nach korrekt beantworteten Fragen
Ihre Resultats-Entwicklung
Sie haben dieses Quiz seit der letzten Aktualisierung nicht gespielt